LEADER 01191nam a2200301 u 4500 001 000000059438 003 CaOOAMICUS 005 20140827103900.0 008 010628s1995 it u000 u ita u 020 $a8837215762 035 $a10894479 040 $aPUL(R)$bita 041 1 $aita$hfre 100 1 $aRicoeur, Paul,$d1913-2005.$0(OLS)http://pul/name/31003 240 10$aKierkegaard et le mal.$lItaliano.$0(OLS)http://pul/title/79569 245 10$aKierkegaard :$bla filosofia e l'"eccezione" /$cPaul Ricoeur. 260 $aBrescia :$bMorcelliana,$c1992. 300 $a71 p. ;$c19 cm 490 1 $aIl pellicano rosso 600 14$aKierkegaard, Søren,$d1813-1855.$0(OLS)http://pul/subject/4836 830 3$aIl pellicano rosso.$0(OLS)http://pul/title/42864 850 $aPUL 852 $aPUL$W1$xSL Filosofia 1$y2$m91 L 12$j77489$nBK-PRI$b $qStampati$B77489$CPULBib$Z2$F77489 $H $81 941 1 $a8 961 $aINV: 74616 996 $6020$a8837215762$9(OLS)http://pul/number/75607 996 $6245$aKierkegaard :$bla filosofia e l'"eccezione"$9(OLS)http://pul/title/79570 996 $6260$aBrescia :$bMorcelliana$9(OLS)http://pul/publisher/47854 LEADER 01838nam a2200349 a 4500 001 000000161068 003 CaOOAMICUS 005 20170531105028.0 008 170531s1979 enkc u000 u eng r 020 $a978-0-415-56873-9* 032 $aLibriCat 040 $aPUL$bita 100 1 $aMill, John Stuart,$d1806-1873.$0(OLS)http://pul/name/15219 245 13$aAn examination of Sir William Hamiltons philosophy and of the principal philosophical questions discussed in his writings /$cby John Stuart Mill ; editor of the text J. M. Robson ; introduction by Alan Ryan. 260 $aAbingdon, Oxon :$bRoutledge,$c©1979. 300 $acviii, 625 p. :$britr. ;$c24 cm. 490 1 $aCollected works of John Stuart Mill ;$v09 504 $aBibliografia in nota. 600 14$aHamilton, William.$0(OLS)http://pul/subject/22794 700 1 $aRobson, John M.$0(OLS)http://pul/name/103111 700 1 $aRyan, Alan,$d1940-$0(OLS)http://pul/name/103116 800 1 $aMill, John Stuart,$d1806-1873.$tOpera omnia ;$v09.$0(OLS)http://pul/nameTitle/1885$0(OLS)http://pul/name/15219$0(OLS)http://pul/title/2415 830 0$aCollected works of John Stuart Mill ;$v09.$0(OLS)http://pul/title/200781 850 $aPUL 852 $aPUL$W1$xDP2 Filosofia 3$y112$m192 MILJO 1.9$j185016$bRistampa del 2009$qDDC 21$B188211$CPULBib$Z2$F188211 $H129743 $81 900 $aStuart Mill, John,$d1806-1873$915219 900 $aStuart Mill, John,$d1806-1873$915219 941 1 $a9 996 $6020$a978-0-415-56873-9*$9(OLS)http://pul/number/162786 996 $6245$aAn examination of Sir William Hamiltons philosophy and of the principal philosophical questions discussed in his writings$9(OLS)http://pul/title/200786 996 $6260$aAbingdon, Oxon :$bRoutledge$9(OLS)http://pul/publisher/86312